African East Coast - 30 Second Sprint - Statistics

General Stats
  • This quiz has been taken 87 times
  • The average score is 7 of 9
Answers on the Map
Answers color-coded by a green-red scale on the quiz's map according to % correct below.
 
Answer Stats
country % Correct
Egypt
100%
Sudan
89%
Eritrea
86%
Djibouti
78%
Somalia
75%
Kenya
69%
Mozambique
64%
Tanzania
64%
South Africa
53%
No matching quizzes found
Score Distribution
Percent of People with Each Score
Percentile by Number Answered
Your Score History
You have not taken this quiz